History Quiz

Random History or Clickable Quiz

Guess Who's Calling? Quiz Stats

 Plays Quiz Updated Feb 23, 2019

Score 0/24 Timer 05:00
2 Plays Today
% Correct
Aldrin
89.6%
Wright
89.5%
Cheney
87.4%
Lewis
86.6%
Lincoln
86.4%
Ali
86.4%
Revere
85.7%
Winfrey
85.6%
Roosevelt
83.2%
Garfield
81.3%
Adams
80.6%
Ford
75.7%
% Correct
Sinatra
74%
Dewey
60.8%
Earhart
54.2%
Oppenheimer
53.4%
Key
51.7%
Poe
49.9%
Booth
49.5%
Nixon
46.1%
MacArthur
34.4%
Bentsen
33.4%
Haig
29.7%
Jones
27.9%

You're not logged in!

Compare scores with friends on all Sporcle quizzes.
OR
Log In

Sporcle TV

Today on Sporcle TV


Watch our educational content, quiz creation guides, and fun videos on Sporcle TV.

Show Comments

Extras

Top Quizzes Today


Score Distribution

Your Account Isn't Verified!

In order to create a playlist on Sporcle, you need to verify the email address you used during registration. Go to your Sporcle Settings to finish the process.

Report this User

Report this user for behavior that violates our Community Guidelines.

Details: